000 00471nam a2200181Ia 4500
001 9298
005 20260306161708.0
008 260306t1989||||xx |||||||||||||| ||spa||
041 _aESP
082 _a378.0985
_bH19
100 _aHampe Martínez, Teodoro
_eAUT
245 0 _aHistoria de la Pontificia Universidad Católica del Perú (1917-1987)
260 _c1989
300 _a220 páginas :
_c24 cm.
650 _aGEN
654 _aCED
942 _cLIB
_dJUS
_fJUS
_2ddc
_n
999 _c9298
_d9298